000 00788nam a2200193Ia 4500
003 GCL
008 140319s9999 xx 000 0 ara d
040 _aGCL /
_cGCL
082 0 4 _aق
_b913.031
_bم ت
100 1 _aالمجلس الاعلى لرعاية الفنون والاداب والعلوم الاجتماعية
245 1 0 _aالتاريخ والاثار الحلقة الدراسية الاولى 4 - 9 من فبراير 1961 /
_cالمجلس الاعلى لرعاية الفنون والاداب والعلوم الاجتماعية
490 _a
650 0 4 _aمصر
650 0 4 _aالاثار الاسلامية
650 0 4 _aالحضارة الاسلامية
650 0 4 _aالمتاحف العربية
650 0 4 _aصور لاثار القاهرة
942 _2ddc
_cBK
999 _c39247
_d39247